Die Neue Propyläen-Weltgeschichte : Der Aufstieg des Germanismus und die Welt des Mittelalters /

Enregistré dans:
Détails bibliographiques
Auteur principal: Andreas, Willy (autor)
Autres auteurs: Wahle, Ernst (edición) (edición)
Format: Livre
Langue:German
Publié: Berlín, Alemania : Propyläen, 1940, c1940
Tags: Ajouter un tag
Pas de tags, Soyez le premier à ajouter un tag!

MARC

LEADER 00000nam^a2200000^a^4500
001 000584226
005 20250526000000.0
009 20260310132706.805
037 |a Acervo ITESO - Biblioteca 
041 |a ALE 
091 |a FCO. 00739 
100 |a Andreas, Willy  |e (autor) 
245 1 4 |a Die Neue Propyläen-Weltgeschichte :  |b Der Aufstieg des Germanismus und die Welt des Mittelalters / 
264 4 |a Berlín, Alemania :  |b Propyläen,  |c 1940, c1940 
300 |a XII, 634 p. ;  |c 29.0 cm. 
336 |a texto  |b txt  |2 rdacontenido 
337 |a sin mediación  |b n  |2 rdamedio 
338 |a volumen  |b nc  |2 rdasoporte 
649 |a XX 
700 |a Wahle, Ernst  |e (edición) 
910 |a Fondo Erich Coufal Kieswetter 
920 |a Impresos - Libros 
930 |a Libros Antiguos y Raros 
905 |a 142 
901 |a 0500412665  |b IT2  |c LRA  |i D  |u 20250526 
902 |a https://opac.biblio.iteso.mx/vufind/Record/000584226